Ennéades
Сохранить в:
| Главный автор: | |
|---|---|
| Формат: | |
| Язык: | французский греческий |
| Опубликовано: |
París
Les Belles Lettres
1924
|
| Серии: | Collection des Universités de France
|
| Предметы: | |
| Метки: |
Добавить метку
Нет меток, Требуется 1-ая метка записи!
|
MARC
| LEADER | 00000nam a2200000 a 4500 | ||
|---|---|---|---|
| 001 | UCM7039 | ||
| 003 | CL-VaPUC | ||
| 008 | 021129e19240000FR |||||||||||||||||fre|d | ||
| 041 | 0 | 7 | |a fre |2 CL-VaPUC |
| 041 | 0 | 7 | |a gre |2 CL-VaPUC |
| 082 | 0 | 4 | |a 186.4 |b PLO |2 21 |
| 100 | 0 | |a Plotino |e author |9 266516 | |
| 245 | 1 | 0 | |a Ennéades |
| 300 | |a v | ||
| 942 | |c BK | ||
| 945 | |d 20021129 00:00:00 |a cmena | ||
| 260 | |a París |b Les Belles Lettres |c 1924 | ||
| 650 | 0 | |a Filosofía |9 223554 | |
| 650 | 0 | |a Edad media |9 258041 | |
| 650 | 0 | |a Platonismo |9 265673 | |
| 650 | 0 | |a Neoplatonismo |9 265877 | |
| 650 | 0 | |a Cosmología |9 269138 | |
| 650 | 0 | |a Filosofía del espíritu |9 320175 | |
| 650 | 0 | |a Amor |9 257817 | |
| 650 | 7 | |a INMORTALIDAD |2 CL-VaPUC |9 320467 | |
| 650 | 7 | |a SER |2 CL-VaPUC |9 320176 | |
| 583 | |a last modification |c 20021129 00:00:00 |k Rodrigo Vera | ||
| 490 | 0 | |a Collection des Universités de France | |
| 999 | |c 302074 |d 302072 | ||
| 952 | |0 0 |1 0 |4 0 |6 186_400000000000000_PLO_1924 |7 0 |8 DER_ROM |9 362090 |a BIBDER |b BIBDER |d 2019-11-21 |h v.1 |i 3864324 |o 186.4 PLO 1924 |p 3864324 |r 2023-01-25 |w 2019-11-21 |x Ubicación 4to piso |y BK |z Este recurso debe solicitarse con anticipación |k DER | ||
| 952 | |0 0 |1 0 |4 0 |6 186_400000000000000_PLO_1924 |7 0 |8 DER_ROM |9 362091 |a BIBDER |b BIBDER |d 2019-11-21 |h v.2 |i 3864332 |o 186.4 PLO 1924 |p 3864332 |r 2023-01-25 |w 2019-11-21 |x Ubicación 4to piso |y BK |z Este recurso debe solicitarse con anticipación |k DER | ||
| 952 | |0 0 |1 0 |4 0 |6 186_400000000000000_PLO_1924 |7 0 |8 DER_ROM |9 362092 |a BIBDER |b BIBDER |d 2019-11-21 |h v.3 |i 3864340 |o 186.4 PLO 1924 |p 3864340 |r 2023-01-25 |w 2019-11-21 |x Ubicación 4to piso |y BK |z Este recurso debe solicitarse con anticipación |k DER | ||
| 952 | |0 0 |1 0 |4 0 |6 186_400000000000000_PLO_1924 |7 0 |8 DER_ROM |9 362093 |a BIBDER |b BIBDER |d 2019-11-21 |h v.4 |i 3864359 |o 186.4 PLO 1924 |p 3864359 |r 2023-01-25 |w 2019-11-21 |x Ubicación 4to piso |y BK |z Este recurso debe solicitarse con anticipación |k DER | ||
| 952 | |0 0 |1 0 |4 0 |6 186_400000000000000_PLO_1924 |7 0 |8 DER_ROM |9 362094 |a BIBDER |b BIBDER |d 2019-11-21 |h v.5 |i 3864367 |o 186.4 PLO 1924 |p 3864367 |r 2023-01-25 |w 2019-11-21 |x Ubicación 4to piso |y BK |z Este recurso debe solicitarse con anticipación |k DER | ||
| 952 | |0 0 |1 0 |4 0 |6 186_400000000000000_PLO_1924 |7 0 |8 DER_ROM |9 362095 |a BIBDER |b BIBDER |d 2019-11-21 |h v.6 t.1 |i 3864375 |o 186.4 PLO 1924 |p 3864375 |r 2023-01-25 |w 2019-11-21 |x Ubicación 4to piso |y BK |z Este recurso debe solicitarse con anticipación |k DER | ||
| 952 | |0 0 |1 0 |4 0 |6 186_400000000000000_PLO_1924 |7 0 |8 DER_ROM |9 362096 |a BIBDER |b BIBDER |d 2019-11-21 |h v.6 t.2 |i 3864383 |o 186.4 PLO 1924 |p 3864383 |r 2023-01-25 |w 2019-11-21 |x Ubicación 4to piso |y BK |z Este recurso debe solicitarse con anticipación |k DER | ||